Vitamin và nguyên tố vi lượng với đời sống con người

Uloženo v:
Podrobná bibliografie
Hlavní autor: Pacaud
Médium: Kniha
Jazyk:Undetermined
Vydáno: Hà Nội Y Học 1999
Témata:
Tagy: Přidat tag
Žádné tagy, Buďte první, kdo otaguje tento záznam!
Thư viện lưu trữ: Trung tâm Học liệu Trường Đại học Cần Thơ
LEADER 00586nam a2200193Ia 4500
001 CTU_36183
008 210402s9999 xx 000 0 und d
020 |b 19.000đ 
082 |a 612.399 
082 |b P113 
100 |a Pacaud 
245 0 |a Vitamin và nguyên tố vi lượng với đời sống con người 
245 0 |c Pacaud; Dịch giả: Phùng Ngọc Bộ 
260 |a Hà Nội 
260 |b Y Học 
260 |c 1999 
650 |a vitamins in human nutrition 
904 |i Minh, 000419 
980 |a Trung tâm Học liệu Trường Đại học Cần Thơ